Obsah 1. ročníka časopisu História

Bibliographic Details
Format: Article
Language:Slovak
ISSN:1335-8316
Subjects:

MARC

LEADER 00000nab a2200000 a 4500
001 vtls000799840
003 SK-MaSNL
005 20260304120944.0
008 250429c2002 xo 0 slo
015 |a SNBRB2002/07-22382 
035 |a CLN000151495 
035 |a urn:nbn:sk:snk-ab993h 
035 |a (urnnbn)urn:nbn:sk:snk:ar-a0829e 
035 |a (uuid)04e73830-2c70-40ae-8fbb-c0f31633409b 
040 |a SNKBUCL  |b slo  |c SNKBUCL  |e AACR2 
041 0 |a slo 
044 |a xo  |c SK 
080 |a 93/99:05(437.6)  |2 1997 
080 |a 05(437.6):93/99  |2 1997 
245 0 0 |a Obsah 1. ročníka časopisu História 
630 0 7 |a História (časopis)  |2 snkbucl  |9 1228462 
648 7 |a 2001  |2 snkbucl  |9 296180 
655 7 |a články z novín a časopisov  |2 snkbucl  |9 267496 
773 0 |t História  |g Roč. 2, č. 1 (2002), s. 46-47  |x 1335-8316 
850 |a Slovenská národná knižnica 
852 |a Slovenská národná knižnica 
954 |a odborná, vedecká literatúra pôvodná (slovenská)  |2 lita 
958 |a article13 
958 |a OND 
958 |a SK 
958 |a EUIPO 
992 |a RBX 
999 |c 2882513  |d 2884443